Investičný majetok a vybrané ukazovatele hospodárenia nefinančných a finančných podnikov za rok 2000

Uložené v:
Podrobná bibliografia
Médium: Kniha
Jazyk:Slovak
English
Vydavateľské údaje: Bratislava Štatistický úrad Slovenskej republiky 2001
Edícia:Financie a investície
Predmet:
Tagy: Pridať tag
Žiadne tagy, Buďte prvý, kto otaguje tento záznam!

MARC

LEADER 00000nam a2200000 4500
001 c130883
005 20251008092843.5
041 0 |a slo 
041 0 |a eng 
044 |a SK 
245 1 0 |a Investičný majetok a vybrané ukazovatele hospodárenia nefinančných a finančných podnikov za rok 2000 
264 1 |a Bratislava  |b Štatistický úrad Slovenskej republiky  |c 2001 
300 |a [40] s. 
490 1 |a Financie a investície 
830 0 |a Financie a investície 
610 2 0 |a majetok investičný 
610 2 0 |a majetok hmotný 
610 2 0 |a majetok nehmotný 
610 2 0 |a Slovensko